John McCain - Statistics

General Stats
  • This quiz has been taken 62 times
  • The average score is 12 of 20
Answer Stats
clue answer % Correct
Year he won the Republican nomination for president... 2008
83%
The state he represented as senator Arizona
83%
The branch of the military he served in navy
83%
His running mate in 2008 Sarah Palin
83%
Number of years he served as a prisoner-of-war 6 (1967-1973)
75%
The person he lost the nomination to in 2000 George W Bush
75%
Year he first sought Republican nomination for president 2000
69%
His cause of death {brain} cancer
67%
The present-day country he was born in Panama
67%
Year he was elected to the US Senate 1986
62%
City he was bombing when his plane was shot down Hanoi
62%
Beat this person for nomination in 2008, who had the 2nd highest popular primary vote Mitt Romney
62%
His 2nd wife, from 1980 until his death Cindy
54%
John S McCain's middle name Sidney
44%
The highest ranking of his several military medals, for "gallantry in action" {Silver} Star
44%
The independent senator he later wished he'd chosen as his 2008 running mate Joe Lieberman
42%
His rank when he retired in 1981 captain
33%
The 2002 campaign finance law he co-authored McCain-{Feingold} Act
31%
Beat this person for nomination in 2008, who had the 2nd highest primary electoral college vote Mike Huckabee
21%
His first wife, 1965-1980 Carol
17%
No matching quizzes found
Score Distribution
Percent of People with Each Score
Percentile by Number Answered
Your Score History
You have not taken this quiz